Climate change among the least developed a case study of /

Climate Change is a global phenomenon that has geographically varying impacts. To fulfill Hungary’s climate obligations and implement effective adaptation practices, we need to understand the working mechanism of climate change in smaller territorial units. Regional differentiating is of paramount i...

Teljes leírás

Elmentve itt :
Bibliográfiai részletek
Szerző: Erdélyi Dániel
Testületi szerző: Társadalmi és gazdasági folyamatok elemzésének kérdései a XXI. században
Dokumentumtípus: Könyv része
Megjelent: 2020
Sorozat:The Challenges of Analyzing Social and Economic Processes in the 21st Century
Kulcsszavak:Éghajlati változás
Tárgyszavak:
doi:10.14232/casep21c.12

Online Access:http://acta.bibl.u-szeged.hu/72035
LEADER 02289naa a2200253 i 4500
001 acta72035
005 20230222131044.0
008 210216s2020 hu o 1|| eng d
024 7 |a 10.14232/casep21c.12  |2 doi 
040 |a SZTE Egyetemi Kiadványok Repozitórium  |b hun 
041 |a eng 
100 1 |a Erdélyi Dániel 
245 1 0 |a Climate change among the least developed   |h [elektronikus dokumentum] :  |b a case study of /  |c  Erdélyi Dániel 
260 |c 2020 
300 |a 165-179 
490 0 |a The Challenges of Analyzing Social and Economic Processes in the 21st Century 
520 3 |a Climate Change is a global phenomenon that has geographically varying impacts. To fulfill Hungary’s climate obligations and implement effective adaptation practices, we need to understand the working mechanism of climate change in smaller territorial units. Regional differentiating is of paramount importance in regional strategy making. As part of an on-going research that aims to identify the local impacts of climate change and the local answers against it, this paper is analyzing the local properties and opportunities of the case study of Sarkad LAU 1 region. Sarkad region is one of the most underdeveloped yet one of the richest areas in natural resources like biodiversity, landscape, and cultural heritage. This duality highlights the need to act against the negative outcomes of climate change. The local main climate effects of climate change are indicated by using the cartograms of the National Adaptation and Geoinformation System database. It is crucial to identify the local vulnerability in order to take effective measurements promoting adaptivity and mitigation. As a result of the research, the unique properties of the LAU 1 region the ways of adaptation in connection with climate change are indicated. 
650 4 |a Természettudományok 
650 4 |a Föld- és kapcsolódó környezettudományok 
650 4 |a Társadalomtudományok 
650 4 |a Közgazdasági és gazdálkodástudományok 
695 |a Éghajlati változás 
711 |a Társadalmi és gazdasági folyamatok elemzésének kérdései a XXI. században  |c Szeged  |d 2019 
856 4 0 |u http://acta.bibl.u-szeged.hu/72035/1/the_challenges_of_analyzing_social_and_economic_processes_165-179.pdf  |z Dokumentum-elérés